00820nam a2200193 a 450000100100000000500170001000800410002702000150006804000250008308200130010811101030012124500740022426001120029830000280041050400290043870000310046795201110049899900170060900002782020200930031125.0110405s2000 tr a 000 0 spa d a9766201412 aDO-SdBNPbspacBNPHU axxxbxxx1 aConference on Mexico-Caribbean Trade & Economic Relationsn(23-24 of juned1997:cTrinidad)95489010aMexico-Caribbean trade & economic relations /ceditor, Dennis Pantin. aSt. Augustine, Trinidad : Deptment of Economics, Faculty of Social Sciences, University of the West Indies. avii, 181aill ;c28 cm. aBibliography: p. 179-18012aPantin, Dennisetr.954891 001050718MOaGRbGRcCTd2012-10-22iLF1l0oxxx xxxp27820-20r2020-06-25w2020-06-25y1ZNo se presta c27312d27312